| 000 | 00758nam a22002057a 4500 | ||
|---|---|---|---|
| 999 |
_c15934 _d15934 |
||
| 003 | AR-CdUCM | ||
| 008 | 190430b ||||| |||| 00| 0 spa d | ||
| 040 |
_aMUNICIPALIDAD PROVINCIAL DEL CUSCO _cBIBLIOTECA MUNICIPAL DEL CUSCO |
||
| 082 |
_a868.59 / _bZ88 |
||
| 100 |
_aZorrilla, Jose _935178 |
||
| 245 | _aLeyendas y tradiciones / | ||
| 260 |
_aMadrid : _bEspasa-Calpe, _c1974. |
||
| 300 |
_a160 paginas ; _c19 cm. |
||
| 505 | _aContenido :A buen juez, mejor testigo --El capitán Montoya --Margarita la tornera -- Apéndice a margarita la tornera --Para verdades el tiempo y para justicia Dios ... | ||
| 650 |
_aLiteratura española _9362 |
||
| 650 |
_aLeyendas _92226 |
||
| 650 |
_aPoesías _92272 |
||
| 942 |
_2ddc _cLIBROS |
||
| 945 |
_arjall _d2019-04-30 |
||